| 000 | 00575nam a2200157Ia 4500 | ||
|---|---|---|---|
| 008 | 151213s9999 xx 000 0 und d | ||
| 100 | _aবোরহান উদ্দীন খান। | ||
| 245 |
_aঅপরাধ বিঞ্জ্যান পরিচিতি _cবোরহান উদ্দীন খান। |
||
| 250 | _a২য় সং | ||
| 260 |
_aঢাকা _bপ্রভাতী প্রকাশনী _c1993 |
||
| 300 | _a6875 p. | ||
| 650 | _aLaw | ||
| 650 | _aLaw | ||
| 700 | _aবোরহান উদ্দীন খান। | ||
| 999 |
_c3698 _d3698 |
||